| 000 | 01195cam a2200349 a 4500 | ||
|---|---|---|---|
| 001 | 22475 | ||
| 003 | SK-KTurca | ||
| 005 | 20260330140142.0 | ||
| 008 | 240611s1995 xo c 0000f slo | ||
| 015 | _aSNBA1995/05 | ||
| 020 |
_a8006005834 _q(viaz.) |
||
| 035 | _aSNK000021372 | ||
| 040 |
_aSNK _bslo _cSNK _eAACR2 |
||
| 041 | 1 |
_aslo _hger |
|
| 044 |
_axo _cSK |
||
| 072 | 7 |
_a821.112.2-3 _xNemecká próza, nemecky písaná _2konspekt |
|
| 080 |
_a821.112.2-31 _22001 |
||
| 100 | 1 |
_aThüminger, Rosmarie, _d1939- _4aut |
|
| 240 | 1 | 4 |
_aEin Sommer für Johanna _lSlovensky |
| 245 | 1 | 0 |
_aLeto pre Johannu _cRosmarie Thümingerová ; z nemeckého originálu Ein Sommer für Johanna ... preložila Marta Ličková |
| 250 | _a1. vyd. | ||
| 260 |
_aBratislava _bMladé letá _c[1995] _eNitra _fNitrianske tlačiarne |
||
| 300 |
_a151 s. _c21 cm |
||
| 655 | 7 |
_anemecky písané romány _2SNKPH |
|
| 655 | 7 |
_adievčenské romány _2SNKPH |
|
| 655 | 7 |
_aliteratúra pre mládež _2SNKPH |
|
| 700 | 1 |
_aLičková, Marta, _d1926- _4trl |
|
| 700 | 1 |
_aMydlo, Svetozár, _d1948-2014 _4bjd |
|
| 942 |
_2ddc _cKLDO _n0 |
||
| 999 |
_c22475 _d22475 |
||